LEADER 00666nam a2200181 i 4500 001 000000056811 003 CaOOAMICUS 005 19970912000000.0 008 970912n xx u000 u eng u 013 $a27983 040 $aSeMil$bita 100 1 $aMaloney, George A.,$c.$0(OLS)http://semarc/name/28793 245 14$aThe spirituality of Nil Sorsky. 650 4$aNil : Sorsky .$0(OLS)http://semarc/subject/11479 650 4$aTesi di laurea.$0(OLS)http://semarc/subject/1690 850 $aSeMil 852 $aSeMil$W1$xVenegono$y1$m2I IV 514$j22965$B22965$CSeMilBibl$Z2$F22967 $81 996 $6245$aThe spirituality of Nil Sorsky$9(OLS)http://semarc/title/88366 LEADER 00597nab a2200145 i 4500 001 000000273735 003 CaOOAMICUS 005 20100916000000.0 008 100916n xx uu u0 0und r 013 $a22140 040 $aSeMil$bita 245 10$a[SENZA TITOLO]. - [29] c. - In copertina :$bServizi disponibili on line, www.agensir.it. 500 $a15 settembre 2010 (N. 1855). 773 0 $t[2010.$dRoma : Società per l'Informazione Religiosa (SIR), stampa 2010.$w()190884 996 $6245$a[SENZA TITOLO]. - [29] c. - In copertina :$bServizi disponibili on line, www.agensir.it.$9(OLS)http://semarc/title/358650